UM Logo

Beginner's Japanese : (Record no. 14469)

MARC details
000 -LEADER
fixed length control field 00599nam a2200169 4500
008 - FIXED-LENGTH DATA ELEMENTS--GENERAL INFORMATION
fixed length control field 190926b ||||| |||| 00| 0 eng d
020 ## - INTERNATIONAL STANDARD BOOK NUMBER
International Standard Book Number 978-0-7818-1388-4
082 ## - DEWEY DECIMAL CLASSIFICATION NUMBER
Edition number 2019
Classification number DC 495.6824
Item number R248
100 ## - MAIN ENTRY--PERSONAL NAME
Personal name Redmond, Joanne
9 (RLIN) 39957
245 ## - TITLE STATEMENT
Title Beginner's Japanese :
Remainder of title with online audio/
Statement of responsibility, etc. Joanne Redmond.
260 ## - PUBLICATION, DISTRIBUTION, ETC. (IMPRINT)
Place of publication, distribution, etc. New York:
Name of publisher, distributor, etc. Hippocrene Books, Inc.,
Date of publication, distribution, etc. 2019.
300 ## - PHYSICAL DESCRIPTION
Extent xix, 292 pages :
Other physical details illustrations ;
Dimensions 21 cm.
Accompanying material online audio
500 ## - GENERAL NOTE
General note Includes index.
650 ## - SUBJECT ADDED ENTRY--TOPICAL TERM
Topical term or geographic name as entry element Japanese language -- Textbooks for foreign speakers -- English.
9 (RLIN) 39958
365 ## - TRADE PRICE
Price amount 1.995.00
Currency code Php
942 ## - ADDED ENTRY ELEMENTS (KOHA)
Source of classification or shelving scheme Dewey Decimal Classification
Koha item type Circulation
Holdings
Withdrawn status Lost status Source of classification or shelving scheme Damaged status Not for loan Collection code Home library Current library Shelving location Date acquired Source of acquisition Cost, normal purchase price Total Checkouts Full call number Barcode Date last seen Date last checked out Copy number Price effective from Koha item type
    Dewey Decimal Classification     Circulation UM Digos College - LIC UM Digos College - LIC Book Cart 08/08/2019 Purchased 1995.00 4 DC 495.6824 R248 2019 25713 11/19/2025 11/14/2025 1 09/26/2019 Circulation